| 000 | 00795nam a22002177a 4500 | ||
|---|---|---|---|
| 999 |
_c19860 _d19860 |
||
| 003 | AR-CdUCM | ||
| 008 | 190523b ||||| |||| 00| 0 spa d | ||
| 040 |
_aMUNICIPALIDAD PROVINCIAL DEL CUSCO _cBIBLIOTECA MUNICIPAL DEL CUSCO |
||
| 082 |
_a574.985 / _bT79 |
||
| 100 |
_aTresierra Aguilar, Alvaro E. _941520 |
||
| 245 | _aBiología pesquera / | ||
| 260 |
_aTrujillo : _bCONCYTEC, _c1993. |
||
| 300 |
_a432 páginas ; _bIlustraciones, _c22 cm. |
||
| 505 | _aContenido: Ciencia pesquera -- Población y muestra -- Consideraciones generales para la recolección y obtención de información biológico pesquera... | ||
| 650 |
_aBiologia _9881 |
||
| 650 |
_aTaxonomía _918622 |
||
| 650 |
_aNomenclatura _920570 |
||
| 700 |
_aCONCYTEC _910823 |
||
| 942 |
_2ddc _cLIBROS |
||
| 945 |
_adavv _d2019-05-23 |
||